| Tag |
First Indicator |
Second Indicator |
Subfields |
| LEADER |
00000cam a2200000 i 4500 |
| 001 |
in00003540539 |
| 005 |
20210304101356.0 |
| 006 |
m o d |
| 007 |
cr zn||||uuuuu |
| 008 |
130827t20022002enkabd ob 001 0 eng d |
| 020 |
|
|
|z 0851995705
|
| 035 |
|
|
|a (CtWfDGI)20023045440
|
| 035 |
|
|
|a 4900482
|
| 040 |
|
|
|a CtWfDGI
|b eng
|e rda
|c CtWfDGI
|d UtOrBLW
|
| 043 |
|
|
|a n-us---
|
| 050 |
1 |
4 |
|a SD397.O12
|b J64 2002eb
|
| 082 |
0 |
4 |
|a 634.9/721/0973
|2 23
|
| 100 |
1 |
|
|a Johnson, Paul S.,
|e author.
|
| 245 |
1 |
4 |
|a The ecology and silviculture of oaks /
|c Paul S. Johnson and Stephen R. Shifley, US Department of Agriculture, Forest Service, North Central Research Station, Columbia, Missouri, USA and Robert Rogers, College of Natural Resources, University of Wisconsin/Stevens Point, Stevens Point, Wisconsin, USA.
|
| 264 |
|
1 |
|a Wallingford, Oxfordshire, UK :
|b CABI,
|c 2002.
|
| 264 |
|
4 |
|c ©2002
|
| 300 |
|
|
|a 1 online resource (xiii, 503 pages) :
|b illustrations, maps, charts
|
| 336 |
|
|
|a text
|b txt
|2 rdacontent
|
| 337 |
|
|
|a computer
|b c
|2 rdamedia
|
| 338 |
|
|
|a online resource
|b cr
|2 rdacarrier
|
| 504 |
|
|
|a Includes bibliographical references and index.
|
| 505 |
0 |
|
|a Oak-dominated Ecosystems -- Regeneration Ecology I : Flowering, Fruiting and Reproduction Characteristics -- Regeneration Ecology II : Population Dynamics -- Site Productivity -- Development of Natural Stands -- Self-thinning and Stand Density -- Even-aged Silvicultural Methods -- Uneven-aged Silvicultural Methods -- Silvicultural Methods for Multi-resource Management -- Growth and Yield.
|
| 506 |
|
|
|a Access limited to subscribing institution.
|
| 520 |
3 |
|
|a This book contains 10 chapters divided into 3 sections. The first section consists 3 chapters on the ecological characteristics and distribution of oak species and the various kinds of oak forests in the USA. The next 2 chapters on regeneration ecology provide the critical interference between oak ecology and silviculture. The second section comprises 3 chapters covering site productivity and stand development. The third section comprises 4 chapters on silvicultural methods and the growth and yield of oak forests.
|
| 588 |
|
|
|a Title from PDF title page (viewed August 27, 2013).
|
| 650 |
|
0 |
|a Oak
|x Ecology
|z United States.
|
| 650 |
|
0 |
|a Oak
|z United States.
|
| 650 |
|
4 |
|a Forests and Forest Trees (Biology and Ecology)
|
| 650 |
|
4 |
|a Plant Ecology.
|
| 650 |
|
4 |
|a Silviculture and Forest Management.
|
| 650 |
|
7 |
|a Artificial regeneration.
|2 cabt
|
| 650 |
|
7 |
|a Forest ecology.
|2 cabt
|
| 650 |
|
7 |
|a Forests.
|2 cabt
|
| 650 |
|
7 |
|a Geographical distribution.
|2 cabt
|
| 650 |
|
7 |
|a Growth.
|2 cabt
|
| 650 |
|
7 |
|a Productivity.
|2 cabt
|
| 650 |
|
7 |
|a Quercus.
|2 cabt
|
| 650 |
|
7 |
|a Silviculture.
|2 cabt
|
| 650 |
|
7 |
|a Stand development.
|2 cabt
|
| 650 |
|
7 |
|a Yields.
|2 cabt
|
| 655 |
|
7 |
|a Electronic books.
|2 local
|
| 690 |
|
|
|a KK100
|
| 690 |
|
|
|a KK110
|
| 690 |
|
|
|a ZZ331
|
| 700 |
1 |
|
|a Rogers, Robert,
|d 1941-
|e author.
|
| 700 |
1 |
|
|a Shifley, Stephen R.,
|e author.
|
| 710 |
2 |
|
|a C.A.B. International,
|e issuing body.
|
| 776 |
1 |
8 |
|i Print version:
|a Johnson, Paul S.
|t Ecology and silviculture of oaks.
|d Wallingford, Oxon ; New York : CABI, c2002.
|z 0851995705
|w (DLC)2001035883
|
| 856 |
4 |
0 |
|u http://proxy.library.tamu.edu/login?url=https://dx.doi.org/10.1079/9780851995700.0000
|z Connect to the full text of this electronic book
|t 0
|
| 999 |
|
|
|a MARS
|
| 999 |
f |
f |
|s b484a8fc-acfe-3b19-b870-0be2daaf898f
|i 6c285bf4-6fd4-3e5a-acc5-bb324fdb668a
|t 0
|
| 952 |
f |
f |
|a Texas A&M University
|b College Station
|c Electronic Resources
|d Available Online
|t 0
|e SD397.O12 J64 2002eb
|h Library of Congress classification
|
| 998 |
f |
f |
|a SD397.O12 J64 2002eb
|t 0
|l Available Online
|